000 00846nam a2200301 a 4500
005 20200104041557.0
008 140318t2005 nyuo fr|||| 001 0 eng d
020 _a0716762846
040 _aCO-BoIAVH
_cCO-BoIAVH
041 0 _aeng
044 _axxu
082 0 4 _a581.7
_bR25b
100 1 _aRaven, Peter H.
245 1 0 _aBiology of plants
250 _aSéptima edición
260 _aNew York :
_bW.h. Freeman and Company Publishers,
_cc2005.
300 _a686 páginas :
_bFotografías ;
_c29 x 24 cm.
500 _aIncluye índice.
500 _aIncluye glosario.
650 1 6 _aPlantas
650 2 6 _aBotánica
650 2 6 _aEcología
650 2 6 _aAngiospermas
650 2 6 _aSemillas
700 1 _aEvert, Ray F.
700 1 _aEichchorn, Susan E.
942 _cLIBRO
_2ddc
999 _c5193
_d5193